Goat Breeds - Sudden Death - Statistics

General Stats
  • This quiz has been taken 67 times
    63 since last reset
  • The average score is 5 of 18
Answers on the Grid
Answers color-coded by a green-red scale on the quiz's grid according to % correct below.
Boer
CVM
Kahatdin
Nigerian dwarf
Angora
Damascus
Saanen
Polypay
Suffolk
Alpine
Shetland
Pygmy
Pygora
Beetal
Targhee
Kiko
Rambouillet
Jamnapari
Merino
LaMancha
Cashmere
Dorset
Nubian
Harri
St. Croix
Toggenburg
Oberhasli
Texel
Tennessee Fainting
Golden Guernsey
 
Answer Stats
Answer % Correct
Nigerian dwarf
58%
Pygmy
50%
Angora
42%
Alpine
33%
Boer
33%
Cashmere
33%
Nubian
33%
Tennessee Fainting
33%
Beetal
25%
Damascus
25%
Golden Guernsey
25%
Jamnapari
25%
Kiko
25%
Pygora
25%
Oberhasli
17%
Saanen
17%
Toggenburg
17%
LaMancha
0%
No matching quizzes found
Score Distribution
Percent of People with Each Score
Percentile by Number Answered
Your Score History
You have not taken this quiz since the last reset